=LDR 00000nam 2200000 4500 =001 INLIS000000000021760 =005 20241021014359 =035 ##$$a 0010-061300000021760 =008 241021###########################0###### =041 ##$$a Ind =082 ##$$a 519.540 76 =090 ##$$a 519.540 76, Sub-s =100 ##$$a SUBIYAKTO, Haryono =245 1#$$a Soal Jawab Statistika Induktif (Inferens), Haryono Subiyakto,; Algifar =260 ##$$a 2001 :$b Yogyakarta =300 ##$$a vi, 226 hlm., ilus., 24 cm =650 #4$$a Statistik - Tanya Jawab =850 ##$$a NBPNMAT =990 ##$$a 21195582/BPAP-NTB/2014 =990 ##$$a 0001/BPAP-NTB/20142015 =990 ##$$a 1202402412 =990 ##$$a 10401859 =990 ##$$a 21195582/BPAP-NTB/2014 =990 ##$$a 0001/BPAP-NTB/20142015